Countries With the Most Surgeons per Capita - Statistics

General Stats
  • This quiz has been taken 28 times
  • The average score is 8 of 11
Answer Stats
# Country % Correct
98 Switzerland
88%
110 Finland
85%
92 United Kingdom
81%
97 Liechtenstein
77%
141 Austria
73%
91 Iceland
73%
91 Latvia
73%
127 Estonia
69%
278 Monaco
69%
113 San Marino
58%
162 Colombia
4%
No matching quizzes found
Score Distribution
Percent of People with Each Score
Percentile by Number Answered
Your Score History
You have not taken this quiz